000 00636nam a2200229Ia 4500
003 OSt
005 20220923223637.0
006 a|||||r|||| 00| 0
007 ta
008 Pun
024 _a219,335
037 _cTextual
040 _aARTS
_cARTS
_bPun
041 _2Pun
_aPun
082 _aQ8441:21, 153P3
100 _aਪੂਰਨ ਸਿੰਘ
245 0 _aਗੁਰੂ Fਬਦ ਵਿFਮਾਦ ਬੋਧ
260 _aਪਟਿਆਲਾ
_b ਪਬਲੀਕੇFਨ ਬਿਓੁਰੋ
_c2003
300 _a256
_ccm.
942 _hQ8441:21, 153P3
_cTEXL
_2CC
999 _c366615
_d366615